[Event "Nezhmetdinov Memorial 32nd"]
[Site "Kazan"]
[Date "2010.05.31"]
[Round "1"]
[White "Zakhartsov, Viacheslav V"]
[Black "Zlachevskiy, Leonid"]
[Result "1-0"]
[WhiteElo "2586"]
[BlackElo "2111"]
[PlyCount "79"]
[EventDate "2010.05.31"]
[EventType "swiss"]
[EventRounds "9"]
[EventCountry "RUS"]
[SourceTitle "CBM 136 Extra"]
[Source "ChessBase"]
[SourceDate "2010.07.02"]
[SourceVersion "2"]
[SourceVersionDate "2010.07.15"]
[SourceQuality "1"]

1. d4 Nf6 2. c4 e6 3. Nf3 b6 4. g3 Bb4+ 5. Bd2 a5 6. Bg2 Bb7 7. 0-0 0-0 8. Bg5 Be7 9. Nc3 d6 10. Qc2 Nbd7 11. Rad1 Qc8 12. e4 h6 13. Bf4 Nh5 14. Bc1 c5 15. d5 e5 16. Bh3 Qd8 17. Qe2 Nhf6 18. Nh4 Nh7 19. Nf5 Ndf6 20. f4 exf4 21. gxf4 Bc8 22. Qg2 Bxf5 23. Bxf5 g6 24. e5 Ne8 25. e6 Kh8 26. Bc2 f5 27. Rf3 Bh4 28. Kh1 Rg8 29. Rg1 Rg7 30. Nb5 Qe7 31. Qh3 h5 32. Bd2 Nf8 33. Bc3 Bf6 34. Rfg3 Bxc3 35. bxc3 Rb8 36. Bxf5 Qf6 37. Bxg6 Nxg6 38. Qxh5+ Kg8 39. Rxg6 Qxf4 40. Nxd6 1-0

[Event "Tatarstan-ch op"]
[Site "Kazan"]
[Date "2009.08.26"]
[Round "7"]
[White "Sabaev, Evgueni"]
[Black "Zlachevskiy, Leonid"]
[Result "1-0"]
[WhiteElo "2270"]
[BlackElo "2109"]
[PlyCount "105"]
[EventDate "2009.08.20"]
[EventType "swiss"]
[EventRounds "9"]
[EventCountry "RUS"]
[SourceTitle "EXT 2010"]
[Source "ChessBase"]
[SourceDate "2010.11.25"]
[SourceVersion "1"]
[SourceVersionDate "2010.11.25"]
[SourceQuality "1"]

1. e4 e5 2. Nf3 d6 3. d4 Nf6 4. Nc3 Nbd7 5. Bc4 Be7 6. 0-0 0-0 7. Qe2 c6 8. a4 a5 9. h3 Rb8 10. Rd1 Qe8 11. Re1 Bd8 12. dxe5 Nxe5 13. Bb3 Bc7 14. Nd4 Nfd7 15. Bf4 Nc5 16. Ba2 Ne6 17. Be3 Nxd4 18. Bxd4 Be6 19. Bxe6 Qxe6 20. f4 Nd7 21. Qf2 f6 22. Rad1 Rfe8 23. Re2 Re7 24. Kh1 Rbe8 25. Rde1 Qf7 26. g4 b6 27. b3 Nc5 28. f5 Rb8 29. Qg2 Nd7 30. g5 fxg5 31. Qxg5 Ne5 32. Rf1 Qf6 33. Qxf6 gxf6 34. Rg2+ Rg7 35. Ne2 b5 36. axb5 cxb5 37. Nf4 Rxg2 38. Kxg2 Kf7 39. Nd5 Bd8 40. Kf2 a4 41. Ra1 Rc8 42. Ra2 Ke8 43. Ke2 axb3 44. cxb3 Rc1 45. Ra8 Kd7 46. Ra7+ Kc6 47. Rxh7 b4 48. Nxb4+ Kb5 49. Rb7+ Ka5 50. Bxe5 fxe5 51. Nd5 Ka6 52. Rd7 Ba5 53. b4 1-0